000 00550nam a2200193Ia 4500
005 20250508161708.0
008 008 250505s9999 xx 000 0 eng d
037 _aTextual
040 _aFEDL
_beng
_cFEDL
041 _aeng
_2eng
084 _a973, FRE
_qFEDL
100 _aFreidel Frank
245 0 _aAmerica: A modern history of the United States
260 _aLexington, USA
_bD.C Heath and Company
_c1970
300 _aix,853p.
700 _a Drewry Henry N
_9771370
942 _cTEXL
_h973, FRE
999 _c1371595
_d1371595